Borges. (Registro nro. 381)
[ vista simple ]
| 000 -LEADER | |
|---|---|
| fixed length control field | 00671 am a2200217 a 4500 |
| 005 - FECHA ULTIMA MODIFICACION | |
| control field | 20240625105343.0 |
| 008 - CAMPO DE CONTROL (LIBRO) | |
| fixed length control field | 100617s1986||||ag g01 s spaspa d |
| 020 ## - INTERNATIONAL STANDARD BOOK NUMBER | |
| ISBN | 9501323013 |
| 041 ## - CODIGO DE IDIOMA | |
| Código de idioma del texto/pista de sonido o título separado | spa |
| 092 ## - SIGNATURA TOPOGRAFICA DEWEY LOCAL | |
| número de clasificación | 860.3 |
| libristica | 8 |
| sección | BOR |
| 100 1# - ENTRADA PRINCIPAL--NOMBRE PERSONAL | |
| Nombre personal | Borges, Jorge Luís. |
| 9 (RLIN) | 1207 |
| 245 ## - TITULO PROPIAMENTE DICHO | |
| Título | Borges. |
| Subtítulo y Título paralelo | Cuentos / |
| Mención de responsabilidad y remanente de la transcripción de la portada | Jorge Luís Borges. |
| 250 ## - MENCION DE EDICION | |
| Mención de edición | 1a ed. |
| Mención de responsabilidad relacionada con la ed. | Selección, estudio preliminar y notas de María Adela Renard. |
| 260 ## - PIE DE IMPRENTA | |
| Lugar de publicación, distribución, etc | Buenos Aires: |
| Nombre de la editorial, distribuidor, etc | Kapelusz; |
| Fecha de publicación | 1986. |
| 300 ## - DESCRIPCION FISICA | |
| Extension | 199 p. |
| 500 ## - NOTA GENERAL | |
| Nota general | Borges, J. L. (1986). Borges. Cuentos. (1a ed.). Buenos Aires : Kapelusz. |
| 590 ## - NOTAS LOCALES (RLIN) | |
| Nota local | Donación Sr. Plieger |
| 655 ## - MATERIA - GENERO/FORMA | |
| Género/Forma | Cuentos |
| -- | 2945 |
| 930 ## - NUMERO DE INVENTARIO | |
| Número de inventario | 1677 |
| 942 ## - ADDED ENTRY ELEMENTS (KOHA) | |
| Source of classification or shelving scheme | Dewey Decimal Classification |
| Item type | Libros |
| Estado de retiro | Existencia | Fuente de clasificación | Estado general | No para prestamo | Colección | Ubicación permanente | ubicación actual | Sala de ubicación | Fecha de adquisición | Total Checkouts | Total Renewals | Número de clasificación | Código de barras | Date last seen | Date last borrowed | Número de ejemplar | Price effective from | Koha tipo de elemento (item) |
|---|---|---|---|---|---|---|---|---|---|---|---|---|---|---|---|---|---|---|
| Dewey Decimal Classification | Fiction | Biblioteca Medicina | Biblioteca Medicina | Circulación | 13/05/2011 | 5 | 9 | 860.3 8 BOR | 1677 | 21/03/2025 | 16/10/2024 | ej.1 | 13/05/2011 | LITERATURA |